00997nam a22002297a 4500999001700000003000900017008004100026040007100067082001800138100002800156245003200184260003900216300002800255440002700283505020700310700002600517700004000543700004900583942001600632945002100648952009800669 c16675d16675AR-CdUCM190504b ||||| |||| 00| 0 esp d aMUNICIPALIDAD PROVINCIAL DEL CUSCOcBIBLIOTECA MUNICIPAL DEL CUSCO a700.1 /bL566 aLenin, Vladimir Ilich,  aArte, literatura y prensa / aMéxico, D. F :bGrijalbo,c1969. a153 páginas ;c20 cm. aColección 70 ;92202 aContenido: Charlas sobre arte y literatura en el foro de Yenán -- Frente cultural y frente militar -- Arte y Literatura -- El partido y los intelectuales -- El periodismo -- La libertad de prensa ... aMao, Tse-Tung,915457 aKelle, Vladislav Zhanovich, 936251 aGayá Nicolau, Guillermo (traductor)936252 2ddccLIBROS aacrtd2019-05-03 002ddc4070aSAbSAcCARTd2019-05-04g15.00o700.1 / L566pSA0000000493r2019-05-04yLIBROS